000 00578nam a2200229Ia 4500
003 OSt
005 20221005122730.0
006 a|||||r|||| 00| 0
007 ta
008 221004b |||||||| |||| 00| 0 mal d
024 _a56976
037 _cTextual
040 _aCRL
_cCRL
_bmal
041 _2mal
_amal
082 _aO32,3NKA5,1, K6
100 _aKakkantan Au.
_9632526
245 0 _aKannti Veetu
260 _c1966
650 _aMALAYALAM LITERATURE
_938866
942 _hO32,3NKA5,1, K6
_cTEXL
_2cc
999 _c1045210
_d1045210